书目信息 |
| 题名: |
《新工具》导读
|
|
| 作者: | 余丽嫦 著 | |
| 分册: | ||
| 出版信息: | 成都 四川教育出版社 2004 |
|
| 页数: | 194页 | |
| 开本: | 19cm | |
| 丛书名: | 西方学术名著导读丛书 | |
| 单 册: | ||
| 中图分类: | B561.21 | |
| 科图分类: | ||
| 主题词: | 哲学理论--英国--近代 | |
| 电子资源: | ||
| ISBN: | 7-5408-3985-6 | |
| 000 | 01118nam0 2200325 450 | |
| 000 | 01081nam0 2200313 450 | |
| 000 | 01080nam0 2200325 450 | |
| 000 | 01026nam0 2200301 450 | |
| 000 | 01055nam0 2200289 450 | |
| 000 | 01018nam0 2200277 45 | |
| 001 | TS2006048839 | |
| 005 | 20061210163438.39 | |
| 010 | @a7-5408-3985-6@dCNY12.80 | |
| 100 | @a20060829d2004 em y0chiy0120 ea | |
| 101 | 0 | @achi |
| 102 | @aCN@b510000 | |
| 105 | @aa z 000yy | |
| 200 | 1 | @a《新工具》导读@A《 Xin Gong Ju》 Dao Du@f余丽嫦著@FYu Li Chang Zhu |
| 210 | @a成都@c四川教育出版社@d2004 | |
| 215 | @a194页@d19cm | |
| 225 | 2 | @a西方学术名著导读丛书 |
| 330 | @a本书介绍了英国著名哲学家、著名学者弗兰西斯·培根的生平及思想,对《新工具》的主要内容进行了评述,摘录了《新工具》的核心片断。 | |
| 410 | 0 | @12001 @a西方学术名著导读丛书 |
| 606 | 0 | @a哲学理论@y英国@z近代 |
| 690 | @aB561.21@v4 | |
| 701 | 0 | @a余丽嫦@AYu Li Chang@4著 |
| 801 | 0 | @aCN@b中图数据@c20061210 |
| 905 | @a10447@dB561.21@e30 | |
| 《新工具》导读/余丽嫦著.-成都:四川教育出版社,2004 |
| 194页;19cm.-(西方学术名著导读丛书) |
| ISBN 7-5408-3985-6:CNY12.80 |
| 本书介绍了英国著名哲学家、著名学者弗兰西斯·培根的生平及思想,对《新工具》的主要内容进行了评述,摘录了《新工具》的核心片断。 |
| ● |
| 相关链接 |
|
|
|
|
正题名:《新工具》导读
索取号:B561.21/30
 
预约/预借
| 序号 | 登录号 | 条形码 | 馆藏地/架位号 | 状态 | 备注 |
| 1 | 0600517 | 206005179 | 第一样本阅览室/ [索取号:B561.21/30] | 在馆 | |
| 2 | 0600518 | 206005188 | 第一借阅区/ [索取号:B561.21/30] | 在馆 | |
| 3 | 0600519 | 206005197 | 第一借阅区/ [索取号:B561.21/30] | 在馆 | |
| 4 | 0600520 | 206005204 | 第一借阅区/ [索取号:B561.21/30] | 在馆 | |
| 5 | 0600521 | 206005213 | 第一借阅区/ [索取号:B561.21/30] | 在馆 | |
| 6 | 0600522 | 206005222 | 第一借阅区/ [索取号:B561.21/30] | 在馆 |